Normal view
MARC view
- Sup: Dr. Wasi Haider Butt
Entry Personal Name
001 - CONTROL NUMBER
- control field: 34994
003 - CONTROL NUMBER IDENTIFIER
- control field: NUST
005 - DATE AND TIME OF LATEST TRANSACTION
- control field: 20201109163026.0
008 - FIXED-LENGTH DATA ELEMENTS
- fixed length control field: 201109|| aca||aabn | a|a d
040 ## - CATALOGING SOURCE
- Original cataloging agency: NUST
- Transcribing agency: NUST
100 ## - HEADING--PERSONAL NAME
- Personal name: Sup: Dr. Wasi Haider Butt
670 ## - SOURCE DATA FOUND
- Source citation: Work cat.: (NUST): Athar, Ali 34993, A novel classifiers ensemble approach to improve performance of sentimental classification /, 2017.
